Hidden word inside words. - Statistics

General Stats
  • This quiz has been taken 73 times
  • The average score is 6 of 8
Answer Stats
QUESTION Letter number Answer % Correct
The opposite to left. 1 Right
95%
The day after Tuesday 6 Wednesday
93%
Fast food company with Golden Arches. 9 McDonalds
92%
One in Spanish 2 UNO
92%
The unit for power. 1 Watt
69%
Country with a orange, white, and green flag with a blue symbol in the middle. 5 India
64%
Hidden word N/A Answers
51%
Company that makes the Pixel 3 6 Google
46%
No matching quizzes found
Score Distribution
Percent of People with Each Score
Percentile by Number Answered
Your Score History
You have not taken this quiz